| 000 | 00784cam a22002531 4500 | ||
|---|---|---|---|
| 001 | 6865 | ||
| 003 | BD-RjUL | ||
| 005 | 20211208234328.0 | ||
| 008 | 140112s1956 nyua 001 0 eng | ||
| 035 | _a(BD-RjUL)6907 | ||
| 040 |
_aDLC/ICU _cICU _dICU _dDLC _dBD-RjUL _beng |
||
| 041 | _aeng | ||
| 082 | 0 | 0 |
_a517.382 _bINO 1956 |
| 100 | 1 |
_aInce, E. L. _q(Edward Lindsay), _d1891-1941. _951 |
|
| 245 | 1 | 0 |
_aOrdinary differential equations / _cE. L. Ince |
| 260 |
_aNew York : _bDover Publications , _c1956 |
||
| 300 |
_a558 p. ; _c21 cm. |
||
| 500 | _a"An unabridged and unaltered republication of the first edition published in 1926." | ||
| 504 | _aIncludes index. | ||
| 650 | 0 |
_aDifferential equations. _921567 |
|
| 942 |
_2ddc _cBK |
||
| 999 |
_c6865 _d6865 |
||